Statistics for Top 15 Countries with Covid-19 Deaths - 2 May

Click here to take the quiz!

General Stats

  • This quiz has been taken 19 times
  • The average score is 18 of 21

Answer Stats

country% Correct
France
100%
Italy
100%
United Kingdom
100%
United States
100%
China
94%
Spain
94%
Sweden
94%
Sweden
94%
Brazil
89%
Mexico
89%
Netherlands
89%
Belgium
83%
Canada
83%
Iran
83%
Switzerland
83%
Turkey
83%
Germany
78%
Ireland
78%
Portugal
72%
Denmark
44%
Ecuador
22%

Score Distribution

Percentile by Number Answered

Percent of People with Each Score

Your Score History

You have not taken this quiz